Szczegóły MARC21

The Amish /

003 -Nazwa inst., której nr kontr. jest w polu 001 [,]
    • @
    • Nazwa instytucji, której n kontrolny jest w polu 001
    • NUKAT
005 -DATA I CZAS OSTATNIEJ MODYFIKACJI [,]
    • @
    • pole kontrolne
    • 20241231095511.0
020 -Międzynarod. znormalizowany nr książki - ISBN [ , ]
    • a
    • Numer ISBN
    • 9781421409146 Find
    • q
    • Dopowiedzenie
    • hardcover
020 -Międzynarod. znormalizowany nr książki - ISBN [ , ]
    • a
    • Numer ISBN
    • 1421409143 Find
    • q
    • Dopowiedzenie
    • hardcover
020 -Międzynarod. znormalizowany nr książki - ISBN [ , ]
    • a
    • Numer ISBN
    • 9781421409153 Find
    • q
    • Dopowiedzenie
    • electronic
020 -Międzynarod. znormalizowany nr książki - ISBN [ , ]
    • a
    • Numer ISBN
    • 1421409151 Find
    • q
    • Dopowiedzenie
    • electronic
040 -Instytucja sporządzająca opis [ , ]
    • a
    • Instytucja, która sporządziła opis (NP)
    • WA U/JK
    • c
    • Instytucja, która sporządziła rekord (NP)
    • WA U/JKs
    • d
    • Instytucja, która zmodyfikowała rekord (P)
    • WA U/EBA
942 -Rodzaj dokumentu [ , ]
    • c
    • Rodzaj dokumentu
    • Książka
100 -Hasło główne - nazwa osobowa [1, ]
    • a
    • Nazwa osobowa (NP)
    • Kraybill, Donald B.
    • d
    • Daty biograficzne (NP)
    • (1945- ).
    • 9
    • KHW
    • 94116
245 -Strefa tytułu i oznaczenia odpowiedzialności [1,4]
    • a
    • Tytuł
    • The Amish / Find
    • c
    • Pozostałe elementy strefy tytułu i oznaczenia odpowiedzialności (NP)
    • Donald B. Kraybill, Karen M. Johnson-Weiner, Steven M. Nolt.
260 -Strefa adresu wydawniczego [ , ]
    • a
    • Miejsce wydania (P)
    • Baltimore :
    • b
    • Nazwa wydawcy (P)
    • The Johns Hopkins University Press,
    • c
    • Data wydania (P)
    • 2013.
300 -Strefa opisu fizycznego [ , ]
    • a
    • Określenie formy książki i/lub objętość (NP)
    • XVI, 500 s. :
    • b
    • Oznaczenie ilustracji (NP)
    • il. ;
    • c
    • Format (NP)
    • 26 cm.
336 -Typ zawartości [ , ]
    • a
    • Termin opisujący typ zawartości
    • Tekst
    • b
    • Kod określający zawartość
    • txt
    • 2
    • Źródło (terminu i kodu)
    • rdacontent
337 -Typ mediów [ , ]
    • a
    • Tryb odtwarzania
    • Bez urządzenia pośredniczącego
    • b
    • Kod typu mediów
    • n
    • 2
    • Źródło (terminu i kodu)
    • rdamedia
338 -Typ/rodzaj nośnika [ , ]
    • a
    • Hasło opisujące typ nośnika
    • Wolumin
    • b
    • Kod typu nośnika
    • nc
    • 2
    • Źródło (terminu i kodu)
    • rdacarrier
500 -Uwaga ogólna [ , ]
    • a
    • Uwaga ogólna (NP)
    • Na s. przytyt.: "The companion to American Experience PBS".
504 -Uwaga dot. bibliogr. załącznikowej [ , ]
    • a
    • Uwaga dot. bibliografii załącznikowej
    • Bibliogr. s. 461-485. Indeks.
080 -Uniwersalna Klasyfikacja Dziesiętna [ , ]
    • 2
    • Identyfikator wydania tablic
    • UDC-P058
    • 9
    • UKD
    • 2684
    • a
    • Symbol klasyfikacji
    • 274/278
    • b
    • Dopowiedzenie
    • Kościoły protestanckie. Hugenoci. Prezbiterianie. Anabaptyści. Baptyści. Kwakrzy. Armia Zbawienia.
    • 4
    • UKD2
    • 8141
    • x
    • Poddział wspólny
    • (73)
    • c
    • Dopowiedzenie poddz. wspólnego
    • (Stany Zjednoczone Ameryki Północnej. USA).
    • 4
    • UKD2
    • 7666
    • x
    • Poddział wspólny
    • (091)
    • c
    • Dopowiedzenie poddz. wspólnego
    • (Opracowania historyczne).
    • 4
    • UKD2
    • 7644
    • x
    • Poddział wspólny
    • =111
    • c
    • Dopowiedzenie poddz. wspólnego
    • =Język angielski.
080 -Uniwersalna Klasyfikacja Dziesiętna [ , ]
    • 2
    • Identyfikator wydania tablic
    • UDC-P058
    • 9
    • UKD
    • 2829
    • a
    • Symbol klasyfikacji
    • 316.728
    • b
    • Dopowiedzenie
    • Styl życia. Socjologia życia codziennego.
    • 4
    • UKD2
    • 8141
    • x
    • Poddział wspólny
    • (73)
    • c
    • Dopowiedzenie poddz. wspólnego
    • (Stany Zjednoczone Ameryki Północnej. USA).
    • 4
    • UKD2
    • 7644
    • x
    • Poddział wspólny
    • =111
    • c
    • Dopowiedzenie poddz. wspólnego
    • =Język angielski.
650 -Hasło przedmiotowe [ ,7]
    • a
    • Hasło przedmiotowe
    • Amisze
    • x
    • Określnik rzeczowy
    • obyczaje i zwyczaje.
    • 2
    • Źródło terminu
    • kaba
    • 9
    • KHW
    • 393383
980 -Symbol UKD [ , ]
    • a
    • UKD
    • 274/278(091):316.728](73)=111
700 -Hasło dodatkowe - nazwa osobowa [1, ]
    • a
    • Nazwa osobowa (NP)
    • Johnson-Weiner, Karen Find
    • d
    • Daty biograficzne (NP)
    • (1953- ).
    • 9
    • KHW
    • 94118
700 -Hasło dodatkowe - nazwa osobowa [1, ]
    • a
    • Nazwa osobowa (NP)
    • Nolt, Steven M. Find
    • d
    • Daty biograficzne (NP)
    • (1968- ).
    • 9
    • KHW
    • 94117
710 -Hasło dodatkowe - nazwa ciała zbiorowego [2, ]
    • a
    • Nazwa ciała zbiorowego lub nazwa geograficzna jako pierwszy element (NP)
    • Johns Hopkins University Press.
    • 4
    • Kod relacji
    • pbl
    • 9
    • KHW
    • 79738
920 -ISBN [ , ]
    • a
    • ISBN
    • 978-1-4214-0914-6 Find
    • q
    • Dopowiedzenie
    • hardcover
920 -ISBN [ , ]
    • a
    • ISBN
    • 1-4214-0914-3 Find
    • q
    • Dopowiedzenie
    • hardcover
920 -ISBN [ , ]
    • a
    • ISBN
    • 978-1-4214-0915-3 Find
    • q
    • Dopowiedzenie
    • electronic
920 -ISBN [ , ]
    • a
    • ISBN
    • 1-4214-0915-1 Find
    • q
    • Dopowiedzenie
    • electronic
Numer inwentarzowy Status udost. Data inwentaryzacji Lokalizacja Obwoluta Sygnatura
P.2531012016-04-01BM1ANG. Kultura Stanów Zjedn. 098